[Event "Tilburg 74/168"]
[Site "?"]
[Date "1998.??.??"]
[Round "?"]
[White "Anand, Viswanathan"]
[Black "Lautier, Joel"]
[Result "1-0"]
[WhiteElo "2795"]
[BlackElo "2625"]
[PlyCount "77"]
[EventDate "1998.??.??"]
[Source "ChessBase"]
[SourceDate "1998.10.01"]

1. e4 c5 2. Nf3 Nc6 3. d4 cxd4 4. Nxd4 Qc7 5. Nb5 Qb8 6. c4 Nf6 7. N5c3 e6 8. Be2 Be7 9. Be3 O-O 10. O-O Rd8 11. a3 b6 12. b4 Bb7 13. Ra2 d6 14. f4 Qc7 15. Bf3 Nb8 16. Rc2 Nbd7 17. Nb5 Qb8 18. Nd2 a6 19. Nc3 Ra7 20. g4 Ba8 21. g5 Ne8 22. Bg4 Rc7 23. Qf3 g6 24. Qh3 Ng7 25. Ne2 Re8 26. Rc3 Qd8 27. Rd3 b5 28. cxb5 axb5 29. Nd4 Nf8 30. Nxb5 Rd7 31. Nc3 f6 32. f5 exf5 33. exf5 gxf5 34. Bxf5 Nxf5 35. Qxf5 Qc8 36. Bd4 Rc7 37. Qxc8 Rexc8 38. gxf6 Bd8 39. Nb5 1-0

[Event "FIDE World Cup KO"]
[Site "Shenyang"]
[Date "2000.09.08"]
[Round "1.4"]
[White "Milos, Gilberto"]
[Black "Movsesian, Sergei"]
[Result "1-0"]
[WhiteElo "2633"]
[BlackElo "2666"]
[PlyCount "191"]
[EventDate "2000.08.07"]
[Source "ChessBase"]
[SourceDate "2000.11.21"]

1. e4 c5 2. Nf3 Nc6 3. d4 cxd4 4. Nxd4 Qc7 5. Nb5 Qb8 6. c4 a6 7. N5c3 e6 8. Be3 Nf6 9. Be2 b6 10. O-O Bc5 11. Bg5 Bb7 12. Nd2 Bd6 13. Kh1 h6 14. Be3 Bc5 15. Bxc5 bxc5 16. f4 d6 17. Bd3 O-O 18. Qf3 Qc7 19. Rae1 Rad8 20. Qg3 Kh8 21. Re3 d5 22. cxd5 exd5 23. e5 Nh5 24. Qg4 d4 25. Nd5 Rxd5 26. Rh3 Bc8 27. Qxh5 Bxh3 28. Qxh3 Ne7 29. Nc4 Rdd8 30. f5 f6 31. e6 Nd5 32. Re1 Rfe8 33. Be4 Re7 34. Qf3 Nf4 35. Rf1 d3 36. Nd2 Ne2 37. Bxd3 Nd4 38. Qe4 Nc6 39. Nf3 a5 40. Rc1 Qd6 41. Bb5 Ne5 42. Nxe5 fxe5 43. Qc4 Qd4 44. h3 Rd5 45. Qf1 e4 46. Bc4 Rd8 47. Bb3 Qe5 48. Rd1 Rf8 49. Rd5 Qxe6 50. fxe6 Rxf1+ 51. Kh2 a4 52. Bc4 Rc1 53. Rxc5 Kh7 54. Rc6 Kg6 55. Kg3 Kf6 56. Kf4 Rc2 57. Rc8 Rxb2 58. Rf8+ Kg6 59. Ke5 e3 60. Bd3+ Kg5 61. g3 h5 62. Rf5+ Kh6 63. g4 hxg4 64. hxg4 g6 65. Rf3 e2 66. Re3 Kg5 67. Bxe2 Rd2 68. a3 Re8 69. Re4 Re7 70. Bb5 Ra2 71. Kd6 Rb7 72. e7 Rxe7 73. Kxe7 Rxa3 74. Bxa4 Rf3 75. Bd7 Rf1 76. Re5+ Kf4 77. Rc5 Kg3 78. Rc3+ Kh4 79. Rc6 Kg5 80. Rc5+ Kh4 81. Be6 Rf4 82. Rc8 Kg5 83. Rf8 Rb4 84. Rf1 Rb7+ 85. Kf8 Rc7 86. Rf7 Rc6 87. Bd7 Rd6 88. Kg7 Rb6 89. Re7 Rd6 90. Bc8 Rc6 91. Bd7 Rd6 92. Kh7 Rd1 93. Rg7 Rh1+ 94. Kg8 Kf6 95. Be8 Rh6 96. Rh7 1-0

[Event "FIDE World Cup KO"]
[Site "Shenyang"]
[Date "2000.09.08"]
[Round "1.5"]
[White "Milos, Gilberto"]
[Black "Movsesian, Sergei"]
[Result "1-0"]
[WhiteElo "2633"]
[BlackElo "2666"]
[PlyCount "71"]
[EventDate "2000.08.07"]
[Source "ChessBase"]
[SourceDate "2000.11.21"]

1. e4 c5 2. Nf3 Nc6 3. d4 cxd4 4. Nxd4 Qc7 5. Nb5 Qb8 6. c4 b6 7. Be2 Nf6 8. N1c3 e6 9. O-O a6 10. Nd4 Bb7 11. Nc2 d6 12. Be3 Nd7 13. f3 Be7 14. Qe1 O-O 15. Qf2 Bd8 16. Rfd1 Bc7 17. Kh1 Nce5 18. Rd2 Qa7 19. Rad1 Nf6 20. b4 Bc6 21. a4 Qb7 22. b5 axb5 23. cxb5 Bxe4 24. fxe4 Nxe4 25. Nxe4 Qxe4 26. Bxb6 Bb8 27. a5 Rc8 28. Nd4 d5 29. Rf1 Rc3 30. Nxe6 Bd6 31. Ng5 Qg6 32. Rxd5 Re8 33. Rxd6 Qxd6 34. Nxf7 Nd3 35. Bxd3 Qxd3 36. Nh6+ 1-0

[Event "HUN tt"]
[Site "?"]
[Date "2000.??.??"]
[Round "?"]
[White "Acs Peter"]
[Black "Almasi Zoltan"]
[Result "0-1"]
[WhiteElo "2542"]
[BlackElo "2676"]
[PlyCount "72"]
[EventDate "2000.??.??"]
[Source "www.chesslib.no"]
[SourceDate "2004.05.04"]

1. e4 c5 2. Nf3 Nc6 3. d4 cxd4 4. Nxd4 Qc7 5. Nb5 Qb8 6. c4 Nf6 7. N5c3 e6 8. Be2 Be7 9. O-O O-O 10. a3 b6 11. Be3 Bb7 12. b4 Rd8 13. Ra2 Ne5 14. f4 Ng6 15. Qd4 d6 16. f5 Ne5 17. fxe6 fxe6 18. Bf4 Rf8 19. Qe3 Qe8 20. Qh3 Kh8 21. Nd2 Ng6 22. Bg5 a5 23. Rb2 axb4 24. axb4 Ra3 25. Ndb1 Ra1 26. Nd2 Rxf1+ 27. Bxf1 Qf7 28. Rb1 d5 29. exd5 exd5 30. Be3 Bc8 31. Qf3 Ne5 32. Qf4 Ng6 33. Qf3 Ne5 34. Qf4 Ng6 35. Qf3 Qe6 36. cxd5 Nxd5 0-1

[Event "Magyarorszag 86/132"]
[Site "?"]
[Date "2003.??.??"]
[Round "?"]
[White "Acs, P."]
[Black "Portisch, L."]
[Result "1-0"]
[WhiteElo "2623"]
[BlackElo "2583"]
[PlyCount "109"]
[EventDate "2003.??.??"]
[Source "Chess Informant"]
[SourceDate "2002.10.01"]

1. e4 c5 2. Nf3 Nc6 3. d4 cxd4 4. Nxd4 Qc7 5. Nb5 Qb8 6. c4 Nf6 7. N5c3 b6 8. Be2 Bb7 9. O-O e6 10. f4 Nd4 11. Bd3 h5 12. Be3 Bc5 13. h3 g5 14. b4 gxf4 15. Rxf4 Nf5 16. bxc5 Nxe3 17. Qf3 Nxg2 18. Kxg2 Rg8+ 19. Kh1 Qe5 20. Rxf6 Rg3 21. Qf4 Qxf4 22. Rxf4 Rxh3+ 23. Kg2 Rxd3 24. Rf3 Rxf3 25. Kxf3 bxc5 26. Nd2 Ke7 27. Rh1 Rh8 28. Rh4 f6 29. Ke3 Bc6 30. Ne2 d6 31. Nf4 Be8 32. Rh1 Bf7 33. Rb1 Rd8 34. Rb5 Rd7 35. Nf3 Kd8 36. Rb8+ Kc7 37. Rf8 Kb6 38. Nh4 Ka5 39. Rb8 Ka6 40. Nf3 Ka5 41. Nd2 Ka6 42. Nd3 e5 43. Rh8 Be6 44. Rxh5 Rg7 45. Kf2 Rf7 46. Rh6 Kb6 47. Nc1 Ka5 48. Ke3 Kb4 49. Ne2 Bg4 50. Ng3 Ka3 51. Nf5 Kxa2 52. Kd3 a5 53. Ne3 Be6 54. Kc3 a4 55. Rh2 1-0

[Event "5. IECC"]
[Site "?"]
[Date "2004.05.28"]
[Round "12"]
[White "Parligras Mircea"]
[Black "Macieja Bartlomiej"]
[Result "1/2-1/2"]
[WhiteElo "2549"]
[BlackElo "2633"]
[PlyCount "23"]
[EventDate "2004.??.??"]
[Source "www.chesslib.no"]
[SourceDate "2004.05.04"]

1. e4 c5 2. Nf3 Nc6 3. d4 cxd4 4. Nxd4 Qc7 5. c4 Nf6 6. Nc3 Nxe4 7. Nxe4 Qe5 8. Nb5 Qxe4+ 9. Be2 Qe5 10. f4 Qb8 11. O-O f5 12. Be3 1/2-1/2

[Event "Calviá ol (Men)"]
[Site "Mallorca"]
[Date "2004.10.26"]
[Round "11.7"]
[White "Delchev, Aleksander"]
[Black "Perunovic, Milos"]
[Result "1-0"]
[WhiteElo "2601"]
[BlackElo "2575"]
[PlyCount "70"]
[EventDate "2004.10.15"]
[Source "Roberto Alvarez"]
[SourceDate "2004.10.25"]

1. e4 c5 2. Nf3 Nc6 3. d4 cxd4 4. Nxd4 Qc7 5. Nb5 Qb8 6. Bd3 a6 7. N5c3 e6 8. Be3 b5 9. f4 d6 10. Nd2 Nf6 11. Qf3 Bb7 12. Qh3 Be7 13. O-O Nb4 14. Nf3 Qd8 15. a3 Nxd3 16. cxd3 Rc8 17. Rae1 O-O 18. f5 e5 19. g4 d5 20. g5 d4 21. gxf6 Bxf6 22. Bxd4 exd4 23. Ne2 Rc2 24. Nf4 Rxb2 25. Qg3 Kh8 26. e5 Be7 27. e6 Bxf3 28. Qxf3 fxe6 29. Nxe6 Qd6 30. Qh5 Qc6 31. Nf4 Bd6 32. Re6 Kg8 33. f6 gxf6 34. Rfe1 Rf7 35. Nd5 Qc2 1-0

[Event "SCG First League m"]
[Site "?"]
[Date "2005.10.26"]
[Round "10"]
[White "Nataf Igor-Alexandre"]
[Black "Miladinovic Igor"]
[Result "1/2-1/2"]
[WhiteElo "2564"]
[BlackElo "2609"]
[PlyCount "58"]
[EventDate "2005.??.??"]
[Source "www.chesslib.no"]
[SourceDate "2004.05.04"]

1. e4 c5 2. Nf3 Nc6 3. d4 cxd4 4. Nxd4 Qc7 5. c4 Nf6 6. Nc3 e6 7. a3 a6 8. Be3 Bd6 9. Be2 Nxd4 10. Qxd4 Be5 11. Qb6 Qxb6 12. Bxb6 d6 13. f3 Bd7 14. O-O-O Ke7 15. Bd4 Rhc8 16. Bxe5 dxe5 17. b4 Bb5 18. cxb5 Rxc3+ 19. Kb2 Re3 20. Rhe1 a5 21. bxa5 Rxa5 22. Bd3 Rxe1 23. Rxe1 Nd7 24. Rc1 Kd6 25. Rc8 Nc5 26. Be2 Na4+ 27. Kb3 Nc5+ 28. Kb2 Na4+ 29. Kb3 Nc5+ 1/2-1/2

[Event "Manila"]
[Site "Manila"]
[Date "1974.??.??"]
[Round "13"]
[White "Ljubojevic, Ljubomir"]
[Black "Vasiukov, Evgeni"]
[Result "0-1"]
[WhiteElo "2605"]
[BlackElo "2560"]
[PlyCount "98"]
[EventDate "1974.??.??"]
[Source "ChessBase"]

1. e4 c5 2. Nf3 Nc6 3. d4 cxd4 4. Nxd4 Qc7 5. Nb5 Qb8 6. a4 Nf6 7. N1c3 e6 8. Bd3 Bc5 9. O-O b6 10. Bg5 Ne5 11. h3 h6 12. Bf4 g5 13. Be3 Rg8 14. Bxc5 bxc5 15. f4 gxf4 16. Rxf4 Rg6 17. Be2 Ke7 18. Qd2 a6 19. Na3 Bb7 20. Raf1 Qc7 21. Qe1 Rag8 22. R1f2 Qd6 23. Qf1 Qd4 24. Kh1 Nxe4 25. Nxe4 Bxe4 26. Bd3 Nxd3 27. cxd3 Qxd3 28. Rxf7+ Kd8 29. Qxd3 Bxd3 30. Rd2 Ke8 31. Rf4 e5 32. Rh4 e4 33. Nc2 c4 34. Kg1 Rg3 35. Rh5 Kd8 36. Rxh6 e3 37. Nxe3 Rxe3 38. Rf2 Kc7 39. g4 Rge8 40. Kh2 Re2 41. Rhf6 Rxf2+ 42. Rxf2 Re2 43. Rxe2 Bxe2 44. Kg3 Kd6 45. Kf4 Ke6 46. h4 Bd1 47. a5 d5 48. h5 Be2 49. h6 Bd3 0-1

[Event "Pamplona"]
[Site "?"]
[Date "1999.??.??"]
[Round "?"]
[White "Magem Badals, J."]
[Black "Lautier, J."]
[Result "0-1"]
[WhiteElo "2525"]
[BlackElo "2635"]
[PlyCount "84"]
[EventDate "1999.??.??"]
[Source "Chess Informant"]
[SourceDate "1999.10.01"]

1. e4 c5 2. Nf3 Nc6 3. d4 cxd4 4. Nxd4 Qc7 5. Nb5 Qb8 6. c4 Nf6 7. N5c3 e6 8. Be2 b6 9. O-O Bb7 10. a3 Be7 11. Be3 O-O 12. b4 Rd8 13. Ra2 Ne5 14. f4 Ng6 15. e5 Ne8 16. c5 bxc5 17. bxc5 Qc7 18. Na4 f6 19. exf6 Nxf6 20. Nbc3 Bc6 21. Rb2 Rab8 22. Rxb8 Rxb8 23. g3 Nd5 24. Nxd5 Bxd5 25. Nc3 Ba8 26. Na4 Bc6 27. Bf3 Bxa4 28. Qxa4 Bxc5 29. Bxc5 Qxc5+ 30. Kh1 Nf8 31. Bg2 Rb2 32. Qe4 Qc2 33. Qxc2 Rxc2 34. Rf3 Kf7 35. Kg1 Ke7 36. Rb3 Ra2 37. Be4 a5 38. Bb1 Ra1 39. Kf2 a4 40. Rb4 Rxa3 41. Ke2 Ra1 42. Kd2 a3 0-1

[Event "Saint-Vincent"]
[Site "?"]
[Date "2000.??.??"]
[Round "?"]
[White "Tiviakov, S."]
[Black "Yakovich, Y."]
[Result "1-0"]
[WhiteElo "2565"]
[BlackElo "2580"]
[PlyCount "61"]
[EventDate "2000.??.??"]
[Source "Chess Informant"]
[SourceDate "2000.02.01"]

1. e4 c5 2. Nf3 Nc6 3. d4 cxd4 4. Nxd4 Qc7 5. Nb5 Qb8 6. Bd3 Nf6 7. f4 d6 8. O-O a6 9. N5c3 e6 10. Be3 b5 11. Qf3 Bb7 12. Nd2 Be7 13. Qh3 Nb4 14. Nf3 Nxd3 15. cxd3 O-O 16. f5 exf5 17. Nd4 g6 18. Nxf5 gxf5 19. Bd4 Ng4 20. exf5 Ne5 21. f6 Re8 22. Qg3+ Ng6 23. fxe7 Rxe7 24. h4 b4 25. Nd1 Re2 26. Ne3 Qd8 27. Rf6 Qa5 28. Raf1 Rf8 29. R6f5 Qd8 30. h5 Qh4 31. Qxh4 1-0

[Event "Ch (Men) Pancevo SCG"]
[Site "?"]
[Date "2006.03.11"]
[Round "12"]
[White "Kovacevic Aleksandar"]
[Black "Miladinovic Igor"]
[Result "0-1"]
[WhiteElo "2535"]
[BlackElo "2607"]
[PlyCount "62"]
[EventDate "2006.??.??"]
[Source "www.chesslib.no"]
[SourceDate "2004.05.04"]

1. e4 c5 2. Nf3 Nc6 3. d4 cxd4 4. Nxd4 Qc7 5. c4 Nf6 6. Nc3 e6 7. a3 a6 8. Be2 Nxd4 9. Qxd4 Bd6 10. Bg5 Be5 11. Qe3 h6 12. Bh4 b5 13. cxb5 Bxc3+ 14. bxc3 Nxe4 15. Bf3 f5 16. Bxe4 fxe4 17. b6 Qc6 18. O-O O-O 19. Rfd1 d5 20. c4 dxc4 21. Bg3 Bb7 22. Rd6 Qe8 23. Qd4 Rc8 24. Rd7 Rf7 25. Rxf7 Qxf7 26. Rc1 Kh7 27. Be5 Qe7 28. h3 Qg5 29. Rc2 Rd8 30. Bd6 e3 31. f4 Qg6 0-1

[Event "Jugoslavija"]
[Site "?"]
[Date "1995.??.??"]
[Round "?"]
[White "Sokolov, A."]
[Black "Miladinovic, I."]
[Result "1-0"]
[WhiteElo "2585"]
[BlackElo "2555"]
[PlyCount "93"]
[EventDate "1995.??.??"]
[Source "ChessBase"]
[SourceDate "1995.06.01"]

1. e4 c5 2. Nf3 Nc6 3. d4 cxd4 4. Nxd4 Qc7 5. Be3 Nf6 6. Bd3 e6 7. O-O h5 8. h3 Nxd4 9. Bxd4 Bc5 10. Bxc5 Qxc5 11. Nd2 d6 12. Nb3 Qe5 13. c3 g5 14. Nd2 h4 15. Nc4 Qf4 16. Qa4+ Kf8 17. Qa3 Kg7 18. Qxd6 Qxd6 19. Nxd6 Rd8 20. e5 Nd7 21. Rad1 Nxe5 22. Bc2 Rh8 23. Rfe1 Ng6 24. b4 Rb8 25. c4 b6 26. Be4 Ne7 27. Bf3 a5 28. bxa5 bxa5 29. Re5 Nf5 30. Rxa5 Nxd6 31. Rxd6 Bb7 32. Bxb7 Rxb7 33. Rxg5+ Kf6 34. Rb5 Ra7 35. Rd2 Rha8 36. Rh5 Rxa2 37. Rxa2 Rxa2 38. Rxh4 Ke5 39. Rh5+ f5 40. g4 Rc2 41. g5 Rxc4 42. Rh8 Rc7 43. h4 Kf4 44. g6 Kf3 45. Rh5 Rc1+ 46. Kh2 Rc2 47. Rg5 1-0

[Event "Reykjavik"]
[Site "?"]
[Date "2000.??.??"]
[Round "?"]
[White "Grischuk, A."]
[Black "Oral, T."]
[Result "1-0"]
[WhiteElo "2580"]
[BlackElo "2540"]
[PlyCount "49"]
[EventDate "2000.??.??"]
[Source "Chess Informant"]
[SourceDate "2000.02.01"]

1. e4 c5 2. Nf3 Nc6 3. d4 cxd4 4. Nxd4 Qc7 5. c4 Qe5 6. Nb5 Qxe4+ 7. Be2 Qe5 8. N1c3 Nf6 9. Nd5 Nxd5 10. cxd5 a6 11. f4 Qb8 12. Nc3 Nd8 13. Be3 e6 14. O-O b5 15. f5 Bd6 16. dxe6 dxe6 17. Bf3 Bb7 18. Bxb7 Nxb7 19. fxe6 Bxh2+ 20. Kh1 O-O 21. Rxf7 Rxf7 22. exf7+ Kf8 23. Qh5 Be5 24. Rf1 h6 25. Ne4 1-0

[Event "Elgoibar"]
[Site "Elgoibar"]
[Date "1999.??.??"]
[Round "5"]
[White "Korneev, Oleg"]
[Black "Lazarev, Vladimir"]
[Result "1/2-1/2"]
[WhiteElo "2615"]
[BlackElo "2501"]
[PlyCount "86"]
[EventDate "1999.11.??"]
[Source "ChessBase"]
[SourceDate "2000.04.05"]

1. e4 c5 2. Nf3 Nc6 3. d4 cxd4 4. Nxd4 Qc7 5. Nb5 Qb8 6. c4 e6 7. Be3 Nf6 8. N5c3 b6 9. Nd2 Bc5 10. Bxc5 bxc5 11. b3 O-O 12. Bd3 Nd4 13. O-O Qf4 14. Ne2 Nxe2+ 15. Qxe2 d6 16. g3 Qg4 17. f3 Qh5 18. f4 Qxe2 19. Bxe2 e5 20. Bf3 Bb7 21. f5 g5 22. h3 Bc6 23. Kf2 Rfb8 24. Ke3 Kf8 25. Bd1 Ke7 26. Bc2 a5 27. a4 Rb6 28. Rfe1 Rab8 29. Ra3 h6 30. Kd3 Rg8 31. Nb1 h5 32. Nc3 h4 33. g4 Nd7 34. Ke3 f6 35. Rd1 Nb8 36. Rd2 Rd8 37. Ra1 Na6 38. Rad1 Rd7 39. Nb5 Bb7 40. Bb1 Rd8 41. Bc2 Rd7 42. Bb1 Rd8 43. Bc2 Rd7 1/2-1/2

[Event "Haninge"]
[Site "?"]
[Date "1988.??.??"]
[Round "?"]
[White "Chandler, M."]
[Black "Barlov, D."]
[Result "1/2-1/2"]
[WhiteElo "2590"]
[BlackElo "2520"]
[PlyCount "147"]
[EventDate "1988.??.??"]
[Source "ChessBase"]
[SourceDate "1988.01.01"]

1. e4 c5 2. Nf3 Nc6 3. d4 cxd4 4. Nxd4 Qc7 5. Nb5 Qb8 6. c4 Nf6 7. N5c3 e6 8. Be2 Be7 9. O-O O-O 10. f4 d6 11. Be3 b6 12. Nd2 Bb7 13. Bf3 Rd8 14. Rc1 Bf8 15. Qe2 d5 16. exd5 exd5 17. Nxd5 Nxd5 18. Bxd5 Nb4 19. Bxb7 Qxb7 20. a3 Nd3 21. Rc2 Re8 22. Rf3 Rad8 23. Nf1 b5 24. cxb5 Qxb5 25. h3 a6 26. Kh1 Be7 27. b4 Bf6 28. Rc7 Qd5 29. Qd2 Qb3 30. Bb6 Qxa3 31. Rc4 Rd7 32. Re3 Rf8 33. Qe2 Qb2 34. Qxb2 Nxb2 35. Rc2 Rd1 36. Rf3 Nd3 37. Rd2 Rxd2 38. Nxd2 Nxb4 39. Bc5 Rb8 40. Ne4 Bd8 41. Bd6 Rb6 42. Bc5 Re6 43. Nd6 Nd5 44. g3 Be7 45. Rd3 Bxd6 46. Rxd5 Bxc5 47. Rxc5 Re8 48. Ra5 Ra8 49. Kg2 Kf8 50. Kf3 Ke7 51. Ke4 Kd6 52. Kd4 Kc6 53. Kc4 Kb6 54. Re5 a5 55. Kb3 Rd8 56. Re7 Rd3+ 57. Ka4 Rxg3 58. Rxf7 Kc5 59. f5 Kd5 60. Kxa5 Ke5 61. Kb4 Rxh3 62. Rxg7 Kxf5 63. Kc4 h5 64. Kd4 Ra3 65. Rf7+ Kg4 66. Ke4 Kg3 67. Rg7+ Kf2 68. Rf7+ Kg2 69. Rg7+ Rg3 70. Rh7 Rg5 71. Kf4 Ra5 72. Rb7 Kh3 73. Rb3+ Kh4 74. Rb1 1/2-1/2

[Event "Karditsa"]
[Site "Karditsa"]
[Date "1995.??.??"]
[Round "3"]
[White "Kotronias, Vasilios"]
[Black "Miladinovic, Igor"]
[Result "1-0"]
[WhiteElo "2570"]
[BlackElo "2535"]
[PlyCount "141"]
[EventDate "1995.03.??"]
[Source "ChessBase"]

1. e4 c5 2. Nf3 Nc6 3. d4 cxd4 4. Nxd4 Qc7 5. c4 Nf6 6. Nc3 e6 7. Be3 a6 8. Rc1 Ne5 9. f3 b6 10. Be2 Ng6 11. Qd2 Bb7 12. Na4 Rb8 13. Nb3 Bc6 14. Nc3 Bd6 15. g3 O-O 16. c5 bxc5 17. Nxc5 Bxc5 18. Bxc5 Rfd8 19. Bd6 Qb6 20. b3 Rbc8 21. Kf1 Bb7 22. Kg2 Nd5 23. Nxd5 exd5 24. e5 f6 25. Bb4 Rxc1 26. Rxc1 Re8 27. exf6 Qxf6 28. Re1 Ne5 29. Qf4 Qxf4 30. gxf4 Ng6 31. Kg3 Kf7 32. Bd3 Rxe1 33. Bxe1 Ne7 34. f5 d6 35. Bb4 Kf6 36. Bc3+ Kf7 37. Kf4 Nc6 38. Ke3 Bc8 39. a3 Bb7 40. Bc2 Ne5 41. Bd1 Nc6 42. a4 Bc8 43. Bc2 Bb7 44. Bd3 Bc8 45. Kf4 Bb7 46. b4 d4 47. Be1 Ne5 48. Be4 g5+ 49. fxg6+ Nxg6+ 50. Kf5 d5 51. Bb1 Bc6 52. Bf2 d3 53. Bd4 d2 54. Bc2 Bd7+ 55. Kg5 h6+ 56. Kh5 Nf4+ 57. Kxh6 Bf5 58. Bb3 Bd3 59. Be3 Bc4 60. Bd1 Ng2 61. Bxd2 d4 62. Kg5 Ne3 63. Bxe3 dxe3 64. f4 e2 65. Bxe2 Bxe2 66. f5 Bc4 67. h4 Kg7 68. h5 Bd3 69. f6+ Kf7 70. h6 Kg8 71. Kf4 1-0

[Event "Corr"]
[Site "?"]
[Date "1997.??.??"]
[Round "?"]
[White "Johnson Maurice W"]
[Black "Brooks Ian S"]
[Result "1-0"]
[WhiteElo "2618"]
[BlackElo "2478"]
[PlyCount "107"]
[EventDate "1997.??.??"]
[Source "www.chesslib.no"]
[SourceDate "2004.05.04"]

1. e4 c5 2. Nf3 Nc6 3. d4 cxd4 4. Nxd4 Qc7 5. Nb5 Qb8 6. c4 Nf6 7. N5c3 e6 8. f4 d6 9. Be2 Be7 10. Be3 b6 11. O-O Bb7 12. Nd2 O-O 13. a3 Nd7 14. Rc1 a6 15. b4 Ra7 16. Nb3 Ba8 17. Qd2 Rc7 18. Rfd1 Na7 19. Kh1 Nf6 20. Bd3 Rfc8 21. h3 Nh5 22. Qf2 b5 23. c5 dxc5 24. Nxc5 Bxc5 25. Bxc5 Rxc5 26. bxc5 Nxf4 27. Bf1 Ng6 28. a4 b4 29. Bxa6 Rc6 30. Bb5 bxc3 31. Bxc6 Nxc6 32. Rxc3 Qb4 33. Qe1 Nge5 34. Rb1 Qa5 35. Rcb3 Qc7 36. Rb5 h6 37. Qc3 Nd7 38. a5 Nce5 39. Qd4 Bc6 40. Rb6 Qa7 41. a6 Kh7 42. Kh2 f6 43. Rxc6 Nxc6 44. Qd6 Qxa6 45. Qxd7 Ne5 46. Qd4 Qe2 47. Rb3 Qc2 48. Qe3 g5 49. Rc3 Qd1 50. Qc1 Qd7 51. c6 Qc7 52. Kh1 g4 53. Qb1 Kg6 54. Qb3 1-0

[Event "Hastings Premier"]
[Site "Hastings"]
[Date "2000.01.11"]
[Round "8"]
[White "Lalic, Bogdan"]
[Black "Bischoff, Klaus"]
[Result "1/2-1/2"]
[WhiteElo "2548"]
[BlackElo "2544"]
[PlyCount "52"]
[EventDate "2000.01.04"]
[Source "ChessBase"]
[SourceDate "2000.04.05"]

1. e4 c5 2. Nf3 Nc6 3. d4 cxd4 4. Nxd4 Qc7 5. Nb5 Qb8 6. c4 Nf6 7. Bd3 e6 8. f4 a6 9. N5c3 d6 10. O-O Be7 11. Be3 Nd7 12. Nd2 O-O 13. Nf3 b6 14. Rc1 Bb7 15. Qe2 Re8 16. a3 Bd8 17. b4 Ne7 18. Nd2 Ng6 19. Nb3 Bc7 20. Qf2 Qd8 21. Rfd1 Nf6 22. h3 Qe7 23. Bb1 Rad8 24. Rf1 Nd7 25. Rfe1 Ba8 26. Bd3 Rb8 1/2-1/2

[Event "Varadero"]
[Site "?"]
[Date "2000.??.??"]
[Round "?"]
[White "Volzhin, A."]
[Black "Oral, T."]
[Result "1-0"]
[WhiteElo "2545"]
[BlackElo "2540"]
[PlyCount "49"]
[EventDate "2000.??.??"]
[Source "Chess Informant"]
[SourceDate "2000.10.01"]

1. e4 c5 2. Nf3 Nc6 3. d4 cxd4 4. Nxd4 Qc7 5. Nb5 Qb8 6. Bd3 a6 7. N5c3 e6 8. Be3 b5 9. f4 d6 10. O-O Nf6 11. Qf3 Bb7 12. Nd2 Be7 13. Qh3 Nb4 14. Nf3 Nxd3 15. cxd3 O-O 16. f5 Qc8 17. g4 exf5 18. gxf5 Nd7 19. Kh1 b4 20. Ne2 d5 21. Rg1 f6 22. Rxg7+ Kxg7 23. Rg1+ Kh8 24. Nf4 Rg8 25. Ng6+ 1-0

[Event "Open"]
[Site "?"]
[Date "1999.02.15"]
[Round "3"]
[White "Aseev Konstantin N"]
[Black "Poluljahov Aleksandr"]
[Result "0-1"]
[WhiteElo "2519"]
[BlackElo "2566"]
[PlyCount "74"]
[EventDate "1999.??.??"]
[Source "www.chesslib.no"]
[SourceDate "2004.05.04"]

1. e4 c5 2. Nf3 Nc6 3. d4 cxd4 4. Nxd4 Qc7 5. Nb5 Qb8 6. c4 Nf6 7. N5c3 b6 8. f4 e5 9. f5 Bb7 10. Bd3 Bc5 11. Bg5 Nd4 12. a3 a5 13. Nd2 Qd6 14. Nf1 g6 15. Ne3 gxf5 16. Nb5 Qc6 17. Nxd4 Bxd4 18. Bxf6 Qxf6 19. Nxf5 Bxb2 20. Ra2 Bc3+ 21. Kf1 Bd4 22. Qf3 Bc5 23. Ke2 h5 24. g3 O-O-O 25. Rf1 Rhg8 26. Nh4 Qe6 27. a4 Rg4 28. Rc2 Qc6 29. Ra2 Qe6 30. Rc2 Bc6 31. Ra1 Rdg8 32. Nf5 h4 33. Nxh4 Qh6 34. Ke1 Rxh4 35. gxh4 Rg1+ 36. Bf1 Qxh4+ 37. Kd2 Bxe4 0-1

[Event "Bad Endbach"]
[Site "Bad Endbach"]
[Date "1995.??.??"]
[Round "?"]
[White "Wahls, Matthias"]
[Black "Tischbierek, Raj"]
[Result "1/2-1/2"]
[WhiteElo "2555"]
[BlackElo "2520"]
[PlyCount "63"]
[EventDate "1995.04.??"]
[Source "ChessBase"]

1. e4 c5 2. Nf3 Nc6 3. d4 cxd4 4. Nxd4 Qc7 5. c4 Qe5 6. Nf3 Qxe4+ 7. Be2 e6 8. O-O Qf5 9. Nc3 Qa5 10. Bf4 a6 11. Ng5 Nf6 12. Nge4 Nxe4 13. Nxe4 d5 14. Nd6+ Bxd6 15. Bxd6 Qd8 16. c5 Ne7 17. Bd3 O-O 18. Qh5 g6 19. Qh6 f6 20. f4 Rf7 21. g4 Bd7 22. Rf3 Bb5 23. Re1 Bxd3 24. Rxd3 Qd7 25. Rde3 e5 26. fxe5 Qxg4+ 27. Rg3 Qd4+ 28. Qe3 Qxe3+ 29. Rgxe3 fxe5 30. Rxe5 Nf5 31. Rxd5 Rd8 32. Rd3 1/2-1/2

[Event "Zalaegerszeg"]
[Site "Zalaegerszeg"]
[Date "2004.04.24"]
[Round "1"]
[White "Acs, Peter"]
[Black "Horvath, Adam"]
[Result "0-1"]
[WhiteElo "2548"]
[BlackElo "2517"]
[PlyCount "46"]
[EventDate "2004.04.24"]
[Source "ChessBase"]
[SourceDate "2004.07.27"]

1. e4 c5 2. Nf3 Nc6 3. d4 cxd4 4. Nxd4 Qc7 5. Nb5 Qb8 6. c4 Nf6 7. N5c3 e6 8. Be2 Bd6 9. g3 b6 10. O-O Bb7 11. a3 Ne5 12. Nd2 h5 13. b4 h4 14. Nb5 hxg3 15. fxg3 Be7 16. Nc3 a5 17. Rb1 axb4 18. axb4 Nc6 19. Nf3 Nxb4 20. Ng5 Qe5 21. Bd2 Bd6 22. Rb3 Rc8 23. Qb1 Qd4+ 0-1

[Event "Novi Sad"]
[Site "Novi Sad YUG"]
[Date "1979.??.??"]
[Round "3"]
[White "Sveshnikov, Evgeny E"]
[Black "Kurajica, Bojan"]
[Result "1/2-1/2"]
[WhiteElo "2545"]
[BlackElo "2515"]
[PlyCount "55"]
[EventDate "1979.10.13"]
[Source "www.chesslib.no"]
[SourceDate "2004.05.04"]

1. e4 c5 2. Nf3 Nc6 3. d4 cxd4 4. Nxd4 Qc7 5. Nb5 Qb8 6. c4 e6 7. Be3 Nf6 8. N5c3 b6 9. Be2 Bc5 10. Qd2 Bb7 11. f4 d6 12. O-O O-O 13. Bd3 Rd8 14. h3 Nb4 15. a3 Nxd3 16. Qxd3 d5 17. exd5 Qc8 18. b4 Bxe3+ 19. Qxe3 exd5 20. Nxd5 Bxd5 21. cxd5 Nxd5 22. Qf2 Qc4 23. Ra2 Rac8 24. Rd2 Nf6 25. Rfd1 Rxd2 26. Qxd2 h5 27. Kh2 Re8 28. Nc3 1/2-1/2

[Event "Hoogovens op"]
[Site "Wijk aan Zee"]
[Date "1995.??.??"]
[Round "11"]
[White "Brodsky, Michail"]
[Black "Tregubov, Pavel V"]
[Result "0-1"]
[WhiteElo "2535"]
[BlackElo "2515"]
[PlyCount "40"]
[EventDate "1995.01.??"]
[Source "ChessBase"]

1. e4 c5 2. Nf3 Nc6 3. d4 cxd4 4. Nxd4 Qc7 5. Nb5 Qb8 6. c4 Nf6 7. N5c3 b6 8. Be3 Bb7 9. Be2 e6 10. O-O Bc5 11. Qd2 O-O 12. Bf4 Ne5 13. Bd3 Nh5 14. Bg3 Nxg3 15. hxg3 Nf3+ 16. gxf3 Qxg3+ 17. Kh1 Qxf3+ 18. Kg1 Qg3+ 19. Kh1 Qh3+ 20. Kg1 f5 0-1

[Event "Belgrade IKO"]
[Site "Belgrade"]
[Date "1992.??.??"]
[Round "2"]
[White "Pavlovic, Milos"]
[Black "Damljanovic, Branko"]
[Result "0-1"]
[WhiteElo "2450"]
[BlackElo "2595"]
[PlyCount "77"]
[EventDate "1992.07.??"]
[Source "ChessBase"]

1. e4 c5 2. Nf3 Nc6 3. d4 cxd4 4. Nxd4 Qc7 5. Nb5 Qb8 6. c4 Nf6 7. N5c3 e6 8. f4 d6 9. Bd3 a6 10. Nd2 g6 11. Nf3 Bg7 12. O-O O-O 13. Be3 b5 14. cxb5 Ng4 15. Bd2 axb5 16. Qe1 b4 17. Nd1 Nf6 18. Qh4 Ra5 19. Ne3 Rh5 20. Qf2 e5 21. Rac1 exf4 22. Rxc6 fxe3 23. Qxe3 Ng4 24. Qe2 Be6 25. Bf4 Qa7+ 26. Kh1 Qxa2 27. Bxd6 Rd8 28. e5 Bd5 29. Bc4 Bxc4 30. Rxc4 Ne3 31. Rxb4 Nxf1 32. Qxf1 Qd5 33. h3 Rf5 34. Qe2 Rc8 35. Kh2 Bh6 36. h4 Bf4+ 37. Kh3 h5 38. Nd4 Rxe5 39. Bxe5 0-1